Wszystkie Gminy w Podlaskim - Statystyki

Ogólne statystyki
  • Ten quiz został rozwiązany 227 razy
  • Średni wynik to 49 z 117
Statystyki odpowiedzi
Powiat Typ Gminy Gmina % Poprawnych
miasta na prawach powiatu Białystok
96%
Łomża
94%
Suwałki
94%
augustowski miejska | wiejska Augustów
88%
zambrowski miejska | wiejska Zambrów
80%
moniecki miejsko-wiejska Mońki
75%
sejneński miejska | wiejska Sejny
75%
grajewski miejska | wiejska Grajewo
74%
hajnowski miejska | wiejska Hajnówka
74%
siemiatycki miejska | wiejska Siemiatycze
74%
wysokomazowiecki miejska | wiejska Wysokie Mazowieckie
74%
sokólski miejsko-wiejska Sokółka
73%
kolneński miejska | wiejska Kolno
72%
bielski miejska | wiejska Bielsk Podlaski
71%
białostocki miejsko-wiejska Łapy
66%
miejsko-wiejska Choroszcz
64%
miejsko-wiejska Tykocin
61%
miejsko-wiejska Wasilków
59%
miejsko-wiejska Czarna Białostocka
58%
miejsko-wiejska Michałowo
57%
miejsko-wiejska Supraśl
57%
miejsko-wiejska Dąbrowa Białostocka
56%
miejsko-wiejska Ciechanowiec
55%
miejsko-wiejska Drohiczyn
55%
miejsko-wiejska Lipsk
54%
wiejska Czyże
52%
miejsko-wiejska Zabłudów
52%
wiejska Białowieża
50%
miejska | wiejska Brańsk
50%
miejsko-wiejska Kleszczele
50%
miejsko-wiejska Suraż
50%
miejsko-wiejska Knyszyn
49%
miejsko-wiejska Suchowola
49%
miejsko-wiejska Szepietowo
49%
miejsko-wiejska Krynki
48%
wiejska Juchnowiec Kościelny
45%
wiejska Narew
45%
miejsko-wiejska Szczuczyn
45%
miejsko-wiejska Czyżew
43%
miejsko-wiejska Goniądz
43%
miejsko-wiejska Jedwabne
43%
miejsko-wiejska Rajgród
41%
miejsko-wiejska Stawiski
41%
wiejska Piątnica
40%
wiejska Boćki
38%
wiejska Czeremcha
38%
wiejska Gródek
38%
łomżyński miejsko-wiejska Nowogród
38%
wiejska Narewka
36%
wiejska Korycin
33%
wiejska Kuźnica
33%
wiejska Orla
33%
wiejska Giby
31%
wiejska Dubicze Cerkiewne
30%
wiejska Sokoły
30%
wiejska Mielnik
28%
wiejska Sztabin
28%
wiejska Wizna
28%
wiejska Puńsk
27%
wiejska Kulesze Kościelne
26%
wiejska Nurzec-Stacja
26%
wiejska Dziadkowice
23%
wiejska Filipów
23%
wiejska Turośń Kościelna
23%
wiejska Wiżajny
23%
wiejska Wyszki
23%
wiejska Bargłów Kościelny
22%
wiejska Dobrzyniewo Duże
22%
wiejska Perlejewo
21%
wiejska Rudka
21%
wiejska Śniadowo
21%
wiejska Turośl
21%
suwalski wiejska Bakałarzewo
20%
wiejska Milejczyce
20%
wiejska Płaska
19%
wiejska Grodzisk
18%
wiejska Jasionówka
18%
wiejska Jeleniewo
18%
wiejska Krasnopol
18%
wiejska Mały Płock
18%
wiejska Nowinka
18%
wiejska Rutka-Tartak
18%
wiejska Rutki
18%
wiejska Szumowo
18%
wiejska Kobylin-Borzymy
17%
wiejska Szypliszki
17%
wiejska Zawady
17%
wiejska Janów
16%
wiejska Krypno
16%
wiejska Sidra
16%
wiejska Szudziałowo
16%
wiejska Trzcianne
16%
wiejska Nowe Piekuty
15%
wiejska Jaświły
13%
wiejska Poświętne
13%
wiejska Grabowo
12%
wiejska Nowy Dwór
12%
wiejska Klukowo
11%
wiejska Kołaki Kościelne
11%
wiejska Miastkowo
11%
wiejska Przytuły
11%
wiejska Zbójna
11%
wiejska Radziłów
10%
wiejska Przerośl
9%
wiejska Wąsosz
9%
Nie znaleziono quizów pasujących do podanych kryteriów
Rozkład punktacji
Procent ludzi z każdym wynikiem
Percentyl według liczby udzielonych odpowiedzi
Twoja historia wyników
Nie rozwiązałeś tego quizu